Introduction to the Pentateuch / (Record no. 8694)

MARC details
000 -LEADER
fixed length control field 01070cam a2200277 a 4500
001 - CONTROL NUMBER
control field 1615258
003 - CONTROL NUMBER IDENTIFIER
control field GBCCL
005 - DATE AND TIME OF LATEST TRANSACTION
control field 20241126110656.0
008 - FIXED-LENGTH DATA ELEMENTS--GENERAL INFORMATION
fixed length control field 950420s1995 miu b 001 0 eng
010 ## -
-- 95017634
020 ## - INTERNATIONAL STANDARD BOOK NUMBER
International Standard Book Number 0802808379
040 ## - CATALOGING SOURCE
Original cataloging agency DLC
Transcribing agency DLC
Modifying agency DLC
050 00 -
-- BS1225.2
-- .W48 1995
082 00 - DEWEY DECIMAL CLASSIFICATION NUMBER
Classification number 222.1061
Edition information 20
Item number WHY
100 1# - MAIN ENTRY--PERSONAL NAME
Personal name Whybray, R. N.
Fuller form of name (Roger Norman)
9 (RLIN) 15348
245 10 - TITLE STATEMENT
Title Introduction to the Pentateuch /
Statement of responsibility, etc. R.N. Whybray.
260 ## - PUBLICATION, DISTRIBUTION, ETC.
Place of publication, distribution, etc. Grand Rapids, Mich. :
Name of publisher, distributor, etc. W.B. Eerdmans Pub. Co.,
Date of publication, distribution, etc. c1995.
300 ## - PHYSICAL DESCRIPTION
Extent vii, 146 p. ;
Dimensions 24 cm.
504 ## - BIBLIOGRAPHY, ETC. NOTE
Bibliography, etc. note Includes bibliographical references and index.
630 00 - SUBJECT ADDED ENTRY--UNIFORM TITLE
Uniform title Bible.
Name of part/section of a work Pentateuch
General subdivision Introductions.
9 (RLIN) 15349
856 42 - ELECTRONIC LOCATION AND ACCESS
Materials specified Contributor biographical information
Uniform Resource Identifier <a href="http://www.loc.gov/catdir/enhancements/fy1606/95017634-b.html">http://www.loc.gov/catdir/enhancements/fy1606/95017634-b.html</a>
856 42 - ELECTRONIC LOCATION AND ACCESS
Materials specified Publisher description
Uniform Resource Identifier <a href="http://www.loc.gov/catdir/enhancements/fy1606/95017634-d.html">http://www.loc.gov/catdir/enhancements/fy1606/95017634-d.html</a>
906 ## - LOCAL DATA ELEMENT F, LDF (RLIN)
a 7
b cbc
c orignew
d 1
e ocip
f 19
g y-gencatlg
942 ## - ADDED ENTRY ELEMENTS (KOHA)
Source of classification or shelving scheme Dewey Decimal Classification
Koha item type Books
Koha issues (borrowed), all copies 8
Holdings
Withdrawn status Lost status Source of classification or shelving scheme Damaged status Not for loan Home library Current Library Shelving location Date acquired Total checkouts Total renewals Full call number Barcode Date last seen Date last checked out Copy number Price effective from Koha item type
    Dewey Decimal Classification     GRACE BIBLE COLLEGE GRACE BIBLE COLLEGE Biblical Studies 2021-08-10 16 1 222.1061 WHY 015133 2025-12-10 2025-12-09 c.1 2021-08-10 Books
© Grace Bible College Library 2025